000 00510nam a2200193 a 4500
001 1758620201834
003 YourLibrary
005 20250923150820.0
008 250923s2000##################000#0#eng##
020 _a9781573928342
082 0 4 _a576.80
_bDAR
100 1 _aDarwin, Charles,
_eauthor.
245 1 0 _aThe Autobiography of Charles Darwin :
260 _bPyr,
_c2000.
300 _a404 pages
650 0 _aBiography & Autobiography.
942 _cENGLISH
040 _aYourLibrary
_beng
_cYourLibrary
999 _c589070
_d589070